Classic Feluda 2/ (Record no. 83793)

MARC details
000 -LEADER
fixed length control field 00603nam a22001937a 4500
005 - DATE AND TIME OF LATEST TRANSACTION
control field 20140425121950.0
010 ## - LCCN (DPL NO)
LC control number B-529256-263
020 ## - INTERNATIONAL STANDARD BOOK NUMBER
International Standard Book Number 9780143420354
Terms of availability 599.00
035 ## - SYSTEM CONTROL NUMBER
System control number B-529256-263
037 ## - SOURCE OF ACQUISITION
Stock number dpl
Source of stock number/acquisition UBH/Ven
082 ## - DEWEY DECIMAL CLASSIFICATION NUMBER
Classification number S
100 ## - MAIN ENTRY--PERSONAL NAME
Personal name Ray, Satyajit
245 ## - TITLE STATEMENT
Title Classic Feluda 2/
Statement of responsibility, etc by Satyajit Ray
260 ## - PUBLICATION, DISTRIBUTION, ETC. (IMPRINT)
Place of publication, distribution, etc New Delhi
Name of publisher, distributor, etc Penguin Books
Date of publication, distribution, etc 2013
270 ## - ADDRESS
Address 11, Community Centre, Panchsheel Park,
City New Delhi
Postal code 110017
300 ## - PHYSICAL DESCRIPTION
Extent v.2 (757p.)
Dimensions 21cm(pbk)
942 ## - ADDED ENTRY ELEMENTS (KOHA)
Source of classification or shelving scheme Dewey Decimal Classification
Item type English Books
Classification part S
Call number suffix RAY
Holdings
Withdrawn status Lost status Materials specified (bound volume or other part) Not for loan Collection code Home library Current library Date acquired Source of acquisition Cost, normal purchase price Full call number Barcode Copy number Cost, replacement price Koha item type
    V.2   Fiction Central Jail Tihar Central Jail Tihar 25/04/2014 UBH/173/07.11.2013/38/10.10.2013/02.12.2013 599.00 S RAY B-529261 1 599.00 English Books
    V.2   Fiction Central Library Central Library 25/04/2014 UBH/173/07.11.2013/38/10.10.2013/02.12.2013 599.00 S RAY B-529256 1 599.00 English Books
    V.2   Fiction Central Library Central Library 25/04/2014 UBH/173/07.11.2013/38/10.10.2013/02.12.2013 599.00 S RAY B-529263 1 599.00 English Books
    V.2   Fiction Janak Puri Janak Puri 25/04/2014 UBH/173/07.11.2013/38/10.10.2013/02.12.2013 599.00 S RAY B-529262 1 599.00 English Books
    V.2   Fiction Kasturba Gandhi Marg Kasturba Gandhi Marg 25/04/2014 UBH/173/07.11.2013/38/10.10.2013/02.12.2013 599.00 S RAY B-529258 1 599.00 English Books
    V.2   Fiction Patel Nagar Patel Nagar 25/04/2014 UBH/173/07.11.2013/38/10.10.2013/02.12.2013 599.00 S RAY B-529257 1 599.00 English Books
    V.2   Fiction Peshwa Road Peshwa Road 25/04/2014 UBH/173/07.11.2013/38/10.10.2013/02.12.2013 599.00 S RAY B-529259 1 599.00 English Books
    V.2   Fiction Tri Nagar Tri Nagar 25/04/2014 UBH/173/07.11.2013/38/10.10.2013/02.12.2013 599.00 S RAY B-529260 1 599.00 English Books

© Delhi Public Library
Hit Counter
free hit counter